00997nam a2200253 i 450000100060000000300090000600500170001500700030003200800410003502000180007608000080009410000380010224501710014026000560031130000220036749000290038965000260041870000460044471000440049083000370053485200330057199900170060495201220062118603ES-MaACL20250902041225.0t|011031s1994 sp ||||1| spa d a84-87840-56-6 a2511 aIsla, José Francisco de.96557310aCrisis de los predicadores y de los sermones y otros escritos b: (1725-29) / cJosé Francisco de Isla ; introducción y notas de José Martínez de la Escalera. aMadrid : bUniversidad Pontificia Comillas, c1994. a117 p. ; c23 cm.1 aSerie I--Estudios ; v5714aPredicación.9163421 aMartínez de la Escalera, José.9779942 aUniversidad Pontificia Comillas91730070 aSerie I--Estudios ; v579179228 aES-MaACLjL-25166 bR.130483 c18603d18603 00104070aATENEOMbATENEOMcDEPO2d2008-01-17eSCl0oL-25166p1019037r2023-02-23 00:00:00w2023-02-23yMONOGRAFIA